| 000 | 00589cam a22001934a 4500 | ||
|---|---|---|---|
| 020 | _a0130255505 (verso t.p.) | ||
| 020 | _a0130215384 (cover) | ||
| 040 | _cDLC | ||
| 082 | 0 | 0 | _a658 PRE 2000 A049 Co. |
| 100 | 1 | _aRender, Barry. | |
| 245 | 1 | 0 | _aQuantitative analysis for management / |
| 250 | _a7th ed. | ||
| 260 |
_aUpper Saddle River, N.J. : _bPrentice Hall International, _cc2000. |
||
| 300 |
_axxiv, 766 p. : _bill. ; _c26 cm. + _e1 computer optical disc (4 3/4 in.) |
||
| 650 | 0 | _aManagement science. | |
| 650 | 0 | _aOperations research. | |
| 700 | 1 | _aStair, Ralph M. | |
| 942 | _cEK | ||
| 999 |
_c14233 _d14233 |
||